Quiz Cultura Generale - Quiz n°56 - Statistics

Statistiche generali
  • Questo quiz è stato fatto 201 volte
  • Il punteggio medio è 8 su 15
Statistiche sulle risposte
Domanda Risposta % Corretto
Chi forma insieme ad Aldo e Giovanni un famoso trio comico italiano? Giacomo Poretti
99%
Come si traduce il termine inglese "knee"? Ginocchio
87%
Chi era l'ex moglie di Re Carlo III, madre di William e Harry? Diana Spancer
84%
Quale squadra ha affrontato l'Italia in semifinale ai Campionati europei nel 2021? Spagna
78%
A quanto equivale il 12% di 300? 36
68%
Circa quanti chilometri è lunga una maratona? 42 km
65%
Di quale band faceva parte Kurt Cobain? Nirvana
59%
Quale band britannica canta "Every breath you take"? The Police
42%
Qual è stata la prima squadra di calcio a conquistare la Coppa dei Campioni nel 1956? Real Madrid
41%
Quale stato è quasi totalmente circondato dal Senegal? Gambia
36%
In quale opera si può trovare il personaggio di Chichibio? Decameron
35%
Quali muscoli sono anche detti "volontari"? Muscoli striati
29%
Come si chiama in ebraico è la festa del riposo, che è celebrata ogni sabato? Shabbat
28%
Qual è l'unità di misura dell'intensità di un campo magnetico? Tesla
12%
Chi ha dipinto "I nottambuli" nel 1942? Edward Hopper
6%
Nessun quiz corrispondente trovato
Distribuzione punteggi
Percentuale di utenti per punteggio
Percentile per numero di risposta
I tuoi punteggi nel tempo
Non hai fatto questo quiz